000 01550cam a22004694i 4500
003 PE-LiUPU
005 20250731173500.0
008 150616s1970 miu r 000 0 eng d
020 _a0825428351
035 _a(Sirsi) i9780825428357
040 _aPE-LiUPU
_bspa
_cPE-LiUPU
_erda
049 _aPRUA
082 0 4 _a244
_bH39
_221
100 1 _aHengstenberg, Ernst Wilhelm,
_d1802-1869,
_eautor.
245 1 0 _aChristology of the Old Testament.
264 1 _aGrand Rapids, Michigan :
_bKregel Publications,
_c1970.
300 _a715 páginas ;
_c23 centímetros
336 _atext
_2rdacontent
337 _aunmediated
_2rdamedia
338 _avolume
_2rdacarrier
505 0 _aHistory of the messianic prediction anong the hebrews -- The nature of prophecy.
526 _aSEG42
526 _aSEG41
526 _aSEG40
526 _aSEG39
526 _aP94
526 _aP87
526 _aP86
526 _aP85
526 _aP77
526 _aP76
526 _aP35
630 _aBiblia.
_pA.T.
_xProfecías.
650 0 4 _aMesias
_xProfecías.
910 _ajck
_bjvq
_cjck
942 _2ddc
_cBOOK
949 _a244 H39
_wDEWEY
_c1
_i40251
_lCCODEBUL1
_mBUL
_r0
_sY
_tBOOK
_u2015-6-16
_xTEOLOGIA
_zUNKNOWN
_0COMPRA
_o.STAFF. Colección Teología
994 _aC0
_bPEPRU
596 _a1
999 _a244 H39
_wDEWEY
_c58051
_i40251
_f2021-11-10
_g5
_lCCODEBUL1
_mBUL
_p15.00
_r0
_sY
_tBOOK
_u2015-6-16
_xTEOLOGIA
_PP35
_0COMPRA
_o.STAFF. Colección Teología
_d58051
980 _81
_gALBERTO SANCHEZ Responsable de Automatización